Politika zamestnanosti v kontexte globalizácie a jej komparácia v Slovenskej a Českej republike dizertačná práca
Saved in:
| Main Author: | |
|---|---|
| Corporate Author: | |
| Other Authors: | |
| Format: | Book |
| Language: | Slovak |
| Published: |
Bratislava
2011
|
| Subjects: | |
| Tags: |
No Tags, Be the first to tag this record!
|
MARC
| LEADER | 00000nbm a2200000 4500 | ||
|---|---|---|---|
| 001 | 0142942 | ||
| 005 | 20240502072550.1 | ||
| 041 | 0 | |a slo | |
| 044 | |a SK | ||
| 245 | 1 | 0 | |a Politika zamestnanosti v kontexte globalizácie a jej komparácia v Slovenskej a Českej republike |b dizertačná práca |c Lenka Grandtnerová ; školiteľ: Eva Rievajová |
| 264 | 1 | |a Bratislava |c 2011 | |
| 300 | |a 132 s. | ||
| 610 | 2 | 0 | |a zamestnanosť |
| 610 | 2 | 0 | |a trh práce |
| 610 | 2 | 0 | |a Slovensko |
| 610 | 2 | 0 | |a Česko |
| 610 | 2 | 0 | |a globalizácia |
| 610 | 2 | 0 | |a nezamestnanosť |
| 100 | 1 | |a Grandtnerová, Lenka | |
| 700 | 1 | |a Rievajová, Eva | |
| 710 | 2 | |a Národohospodárska fakulta EU. Katedra sociálneho rozvoja a práce | |